000 00384nam a2200157Ia 4500
008 230312s9999||||xx |||||||||||||| ||und||
020 _a1-4200-4801-8
082 _a004.16
_bSRI-E
100 _aSriram;Sundararajan
245 0 _aEmbedded Multiprocessors
260 _bTaylor & Francis
_aUSA
_c2009
300 _a361
546 _aEng.
650 _aEngineering
_vEngineering
942 _cBK
999 _c24
_d24